A Textbook of Heat and Mass Transfer : S.I. Units (Record no. 14753)
[ view plain ]
| 000 -LEADER | |
|---|---|
| fixed length control field | 00359nam a22001337a 4500 |
| 082 ## - DEWEY DECIMAL CLASSIFICATION NUMBER | |
| Classification number | 621.4022 |
| Item number | DOM/TE |
| 100 ## - MAIN ENTRY--AUTHOR NAME | |
| Personal name | Arora |
| 100 ## - MAIN ENTRY--AUTHOR NAME | |
| Personal name | Domkundwar V.M. |
| 100 ## - MAIN ENTRY--AUTHOR NAME | |
| Personal name | Domkundwar,Anand V. |
| 245 ## - TITLE STATEMENT | |
| Title | A Textbook of Heat and Mass Transfer : S.I. Units |
| 260 ## - PUBLICATION, DISTRIBUTION, ETC. (IMPRINT) | |
| Place of publication | Delhi |
| Name of publisher | Dhanpat Rai & Co. (P) Ltd. |
| Year of publication | 2005 |
| 300 ## - PHYSICAL DESCRIPTION | |
| Number of Pages | 16.20 |
| 942 ## - ADDED ENTRY ELEMENTS (KOHA) | |
| Koha item type | Book Bank scheme for SC students |
| Withdrawn status | Lost status | Damaged status | Collection code | Home library | Current library | Shelving location | Date acquired | Source of acquisition | Cost, normal purchase price | Full call number | Accession Number | Koha item type |
|---|---|---|---|---|---|---|---|---|---|---|---|---|
| KAUAET | KAUAET | Scheme | 31/08/2016 | Cosmo Books, Thrissur. | 175.00 | 621.4022 DOM/TE | BB 27 | Book Bank scheme for SC students | ||||
| KAUAET | KAUAET | Scheme | 31/08/2016 | Cosmo Books, Thrissur. | 175.00 | 621.4022 DOM/TE | BB 28 | Book Bank scheme for SC students |
